000 00534nam a2200217Ia 4500
005 20230317123551.0
008 131103s9999 xx 000 0 und d
020 _cRs.60.00
040 _aLoreto College
041 _aEnglish
082 _a491.44
_bSEN
100 _aSen, Nabendu
245 _aBangla gadya
_b Stylistics
_cNabendu Sen
250 _a2nd ed.
260 _aBaruipur
_bMahadiganta
_c2001
300 _a128p.
504 _aIncludes index
650 _aBengali prose-Authorship
850 _aLCLIB
942 _cBK
999 _c38617
_d89096